LEADER 00742nam a2200181 i 4500 001 000000229506 003 CaOOAMICUS 005 20140512000000.0 008 140512s1812 it u000 u ger u 013 $a208408 026 $at,ie 4.0. n.r- nist (3) 1812 (A) 040 $aSeMil$bita 245 10$a2. Theiles dritter Band, welcher Die zwey Bücher der Könige enthält. 300 $a278, [2] p. 773 0 $tBibbia. Antico Testamento$dFrankfurt am Main : Grätz in Commission bey Jos. Miller, 1811-1814.$g2$w()29857 850 $aSeMil 852 $aSeMil$W1$xVenegono$y1$m2V II 20 FA$j179852$B179852$CSeMilBibl$Z2$F190956 $8I 996 $6245$a2. Theiles dritter Band, welcher Die zwey Bücher der Könige enthält$9(OLS)http://semarc/title/328258 LEADER 00889nam a2200217 i 4500 001 000000044427 003 CaOOAMICUS 005 20120731000000.0 008 120731s1868 it u000 u ita u 013 $a15597 040 $aSeMil$bita 100 1 $aNardi, Francesco,$d<1808-1877>.$0(OLS)http://semarc/name/12864 245 10$aVerità della religione cristiana cattolica /$cdimostrata sistematicamente da monsignore Francesco Nardi. 250 $a3. ed., riveduta. 260 $aRoma :$bCiviltà Cattolica,$c1868. 300 $a429 p. ;$c24 cm. 650 4$aCattolicesimo.$0(OLS)http://semarc/subject/2438 850 $aSeMil 852 $aSeMil$W1$xVenegono$y1$m2B IV 80 FA$j10582$B10582$CSeMilBibl$Z2$F10582 $8I 996 $6245$aVerità della religione cristiana cattolica$9(OLS)http://semarc/title/65706 996 $6260$aRoma :$bCiviltà Cattolica$9(OLS)http://semarc/publisher/31487